Plant cell culture / (Record no. 6610)
[ view plain ]
| 000 -LEADER | |
|---|---|
| fixed length control field | 00601nam a22002052 4500 |
| 001 - CONTROL NUMBER | |
| control field | 0000004708 |
| 005 - DATE AND TIME OF LATEST TRANSACTION | |
| control field | 20151217151939.0 |
| 008 - FIXED-LENGTH DATA ELEMENTS--GENERAL INFORMATION | |
| fixed length control field | 070528s xx 000 0 eng d |
| 020 ## - INTERNATIONAL STANDARD BOOK NUMBER | |
| International Standard Book Number | 0898750709 : |
| Terms of availability | KES 8,300 |
| 040 ## - CATALOGING SOURCE | |
| Original cataloging agency | KABU |
| Transcribing agency | KABU |
| 050 #0 - LIBRARY OF CONGRESS CALL NUMBER | |
| Classification number | QK725 |
| Item number | .P53 |
| 245 10 - TITLE STATEMENT | |
| Title | Plant cell culture / |
| Statement of responsibility, etc. | ed. by R. G. Butenko. |
| 260 ## - PUBLICATION, DISTRIBUTION, ETC. (IMPRINT) | |
| Place of publication, distribution, etc. | Honolulu, Hawai : |
| Name of publisher, distributor, etc. | University Press of the Pacific, |
| Date of publication, distribution, etc. | 2000. |
| 300 ## - PHYSICAL DESCRIPTION | |
| Extent | 207 p. |
| 650 #0 - SUBJECT ADDED ENTRY--TOPICAL TERM | |
| Topical term or geographic name as entry element | Plant cell culture. |
| -- | 0000155425 |
| 700 1# - ADDED ENTRY--PERSONAL NAME | |
| Personal name | Butenko, R. G. |
| -- | 0000155426 |
| 908 ## - PUT COMMAND PARAMETER (RLIN) | |
| Put command parameter | 070528 |
| 950 ## - LOCAL HOLDINGS (RLIN) | |
| -- | 1 |
| Withdrawn status | Lost status | Source of classification or shelving scheme | Not for loan | Home library | Current library | Date acquired | Total Checkouts | Full call number | Barcode | Date last seen | Price effective from | Koha item type |
|---|---|---|---|---|---|---|---|---|---|---|---|---|
| Library of Congress Classification | Kabarak, Main Campus | Kabarak, Main Campus | 17/12/2015 | QK725 .P53 | 007307 | 17/12/2015 | 17/12/2015 | General Collection |